Border to Border #5 - Statistics

General Stats
  • This quiz has been taken 170 times
  • The average score is 26 of 30
Answer Stats
Starting country: Andorra S. % Correct
Spain M.
99%
Algeria N.
92%
Chad C.
92%
Morocco A.
92%
Niger C.
92%
Central African Republic S.
89%
South Sudan S.
89%
Sudan L.
88%
Egypt I.
86%
Israel L.
86%
Lebanon S.
86%
Libya E.
86%
Syria T.
86%
Turkey A.
86%
Armenia G.
85%
Azerbaijan I.
85%
Georgia A.
85%
Iran A.
85%
Afghanistan P.
84%
China M.
84%
India C.
84%
Pakistan I.
84%
Laos V.
82%
Myanmar L.
82%
Vietnam C.
82%
Cambodia T.
81%
Indonesia P.
80%
Malaysia I.
80%
Thailand M.
80%
Papua New Guinea
76%
No matching quizzes found
Score Distribution
Percent of People with Each Score
Percentile by Number Answered
Your Score History
You have not taken this quiz